ბათუმის შოთა რუსთაველის სახელმწიფო უნივერსიტეტის ბიბლიოთეკა

თხზულებათა სრული კრებული : 10 ტომად (ბიბ.ჩანაწერი № 48980)

000 -LEADER
fixed length control field 01063nam a2200229Ia 4500
001 - CONTROL NUMBER
control field 15885
003 - CONTROL NUMBER IDENTIFIER
control field GE_BSU
008 - FIXED-LENGTH DATA ELEMENTS--GENERAL INFORMATION
fixed length control field 181216s||||||||xx |||||||||||||| ||und||
040 ## - CATALOGING SOURCE
Transcribing agency GE_BSU
080 ## - UNIVERSAL DECIMAL CLASSIFICATION NUMBER
Universal Decimal Classification number 821.353.1-1 + 821.353.1-11
100 ## - MAIN ENTRY--PERSONAL NAME
Personal name ჭავჭავაძე, ი. (ილია, 1837-1907)
245 ## - TITLE STATEMENT
Title თხზულებათა სრული კრებული : 10 ტომად
245 ## - TITLE STATEMENT
Statement of responsibility, etc. პ. ინგოროყვას რედ. [და შესავ. წერილით
260 ## - PUBLICATION, DISTRIBUTION, ETC.
Place of publication, distribution, etc. თბილისი
260 ## - PUBLICATION, DISTRIBUTION, ETC.
Name of publisher, distributor, etc. სახელგამი
260 ## - PUBLICATION, DISTRIBUTION, ETC.
Date of publication, distribution, etc. 1951
300 ## - PHYSICAL DESCRIPTION
Extent 500 გვ. : ფაქს. 15 ფც. პორტრ. და ილ.20 სმ
300 ## - PHYSICAL DESCRIPTION
Accompanying material დანართი: ილიას ნაწარმოებთა კომენტარი. სარედაქციო შენიშვნები, გვ. 359-91
653 ## - INDEX TERM--UNCONTROLLED
Uncontrolled term თხზულებათა სრული კრებული
653 ## - INDEX TERM--UNCONTROLLED
Uncontrolled term ლექსები, პოემები
942 ## - ADDED ENTRY ELEMENTS (KOHA)
Koha item type წიგნი
ეგზემპლარები
Withdrawn status Lost status Damaged status Not for loan Date acquired Barcode Date last seen Price effective from Koha item type
        2018-12-17 39004 2018-12-17 2018-12-17 წიგნი
        2018-12-17 39005 2018-12-17 2018-12-17 წიგნი
        2018-12-17 39006 2018-12-17 2018-12-17 წიგნი
        2018-12-17 39007 2018-12-17 2018-12-17 წიგნი
        2018-12-17 39008 2018-12-17 2018-12-17 წიგნი
        2018-12-17 39009 2018-12-17 2018-12-17 წიგნი
        2018-12-17 39010 2018-12-17 2018-12-17 წიგნი
        2018-12-17 39011 2018-12-17 2018-12-17 წიგნი
        2018-12-17 39012 2018-12-17 2018-12-17 წიგნი
        2018-12-17 39013 2018-12-17 2018-12-17 წიგნი
        2018-12-17 39014 2018-12-17 2018-12-17 წიგნი